000
00297nam a2200109Ia 4500
008
201216s9999 xx 000 0 und d
100
_a
Baughman, E Earl
245
0
_a
Personality: The psychological study of the individual
260
_a
Englewood Cliffs
_b
Prentice Hall
300
_a
659
942
_c
BK
999
_c
6437
_d
6437